अगनि की उड़ान/ (Record no. 38851)
[ view plain ]
| 000 -LEADER | |
|---|---|
| fixed length control field | 03641nam a22001817a 4500 |
| 020 ## - INTERNATIONAL STANDARD BOOK NUMBER | |
| ISBN | 9789351864493 |
| 082 ## - DEWEY DECIMAL CLASSIFICATION NUMBER | |
| Classification number | 923.1 |
| Item number | KAL-A |
| 100 ## - MAIN ENTRY--AUTHOR NAME | |
| Personal name | कलाम, ए. पी. जे .अब्दुल |
| Relator term | author |
| 245 ## - TITLE STATEMENT | |
| Title | अगनि की उड़ान/ |
| Statement of responsibility, etc | डॉ ए. पी. जे .अब्दुल कलाम |
| 246 ## - VARYING FORM OF TITLE | |
| Title proper/short title | Agni ki udaan |
| 260 ## - PUBLICATION, DISTRIBUTION, ETC. (IMPRINT) | |
| Place of publication | नई दिल्ली: |
| Name of publisher | प्रभात प्रकाशन, |
| Year of publication | 2024. |
| 300 ## - PHYSICAL DESCRIPTION | |
| Number of Pages | 254p. |
| Other physical details | ill. |
| 520 ## - SUMMARY, ETC. | |
| Summary, etc | यह कहानी सिर्फ मेरी विजय और दुखों की ही नहीं है बल्कि आधुनिक भारत के उन विज्ञान प्रतिष्ठानों की सफलताओं की भी कहानी है, जो तकनीकी मोरचे पर अपने को स्थापित करने के लिए संघर्ष कर रहे हैं l यह राष्ट्रीय आकांक्षा तथा सामूहिक प्रयासों और, जैसा की मैं देखता हूँ, वैज्ञानिक आत्मनिर्भरता एवं प्रौद्योगिकी दक्षता हासिल करने के लिए भारत के प्रयासों की भी कहानी है l<br/><br/> ईश्वर की सृष्टि में प्रत्येक कण का अपना अस्तित्व होता है l प्रत्येक को कुछ न कुछ करने के लिए ही परवरदिगार ने बनाया है l उन्ही में मैं भी हूँ l उसकी मदद से मैंने जो कुछ भी हासिल किया है, वह उसकी इच्छा की अभिव्यक्ति ही तो है l कुछ विलक्षण गुरुओं और साथियों के माध्यम से ईश्वर ने मुझ पर यह कृपा की और जब मैं इन सर्वश्रेष्ठ व्यक्तियों के प्रति अपनी शृद्धा एवं सम्मान व्यक्त करता हूँ तो मैं उसकी महिमा का ही गुणगान कर रहा होता हूँ l ये सब राकेट और मिजाईलेउसी के काम हैं जो 'कलाम' नाम के एक छोटे से व्यक्ति के माध्यम से खुदा ने कराएं हैं l इसलिए भारत के कई कोटि जनो को कभी भी छोटा या असहाय महसूस नहीं करना चाहिए l हम सब अपने भीतर दैवीय शक्ति को लेकर जन्मे हैं l हम सबके भीतर ईश्वर का तेज़ छिपा है l हमारी कोशिश इस तेज़ पुंज को पंख देने की रहनी चाहिए, जिससे यह चारों और अच्छाइयां एवं प्रकाश फैला सके l |
| 546 ## - LANGUAGE NOTE | |
| Language note | Hindi |
| 650 ## - SUBJECT ADDED ENTRY--TOPICAL TERM | |
| Topical Term | Aerial operations |
| Geographic subdivision | India |
| Form subdivision | Autobiographies |
| General subdivision | Biography |
| 650 ## - SUBJECT ADDED ENTRY--TOPICAL TERM | |
| Topical Term | हवाई संचालन |
| Geographic subdivision | भारत |
| Form subdivision | आत्मकथाएं |
| General subdivision | जीवनी |
| 942 ## - ADDED ENTRY ELEMENTS (KOHA) | |
| Source of classification or shelving scheme | Dewey Decimal Classification |
| Koha item type | Books |
| Withdrawn status | Lost status | Damaged status | Not for loan | Collection code | Home library | Current library | Date acquired | Source of acquisition | Cost, normal purchase price | Full call number | Accession Number | Copy number | Cost, replacement price | Price effective from | Koha item type |
|---|---|---|---|---|---|---|---|---|---|---|---|---|---|---|---|
| हिंदी पुस्तकों पर विशेष संग्रह | NASSDOC Library | NASSDOC Library | 20/03/2024 | All India Book House | 252.70 | 923.1 KAL-A | 53997 | 350.00 | 20/03/2024 | Books |
